000 00535nam a22001697a 4500
999 _c18257
_d18257
003 AR-CdUCM
008 190513b ||||| |||| 00| 0 spa d
040 _aMUNICIPALIDAD PROVINCIAL DEL CUSCO
_cBIBLIOTECA MUNICIPAL DEL CUSCO
082 _a869.56 /
_bR38
245 _aRelaciones intertribales zarzar en el roman bajo Urubamba y alto Ucayali /
260 _aLima :
_bCipa,
_c1983.
300 _a124 paginas ;
_c21 cm
500 _aTodo sobre Urubamba
650 _aUrubamba
_91753
942 _2ddc
_cLIBROS
945 _apjha
_d2019-05-13